NBA 2K Covers (1-19) - Statistics

General Stats
  • This quiz has been taken 305 times
  • The average score is 19 of 22
Answer Stats
Version Player(s) % Correct
NBA 2K14 Lebron James
97%
NBA 2K16 Stephen Curry, James Harden, Anthony Davis
96%
NBA 2K4 Allen Iverson
95%
NBA 2K3 Allen Iverson
95%
NBA 2K2 Allen Iverson
95%
NBA 2K1 Allen Iverson
95%
NBA 2K Allen Iverson
95%
NBA2K12 Kobe Bryant
91%
NBA 2K10 Kobe Bryant
91%
NBA 2K7 Shaquille O'Neal
88%
NBA 2K6 Shaquille O'Neal
88%
NBA 2K13 Blake Griffin, Kevin Durant, Derrick Rose
87%
NBA 2K15 Kevin Durant
85%
NBA 2K12 Michael Jordan
85%
NBA 2K11 Michael Jordan
85%
NBA 2K19 Giannis Antetokounmpo
84%
NBA 2K18 Kyrie Irving
82%
NBA 2K17 Paul George
75%
NBA 2K9 Kevin Garnett
71%
NBA 2K8 Chris Paul
68%
NBA 2K5 Ben Wallace
58%
NBA 2K12 Larry Bird
58%
No matching quizzes found
Score Distribution
Percent of People with Each Score
Percentile by Number Answered
Your Score History
You have not taken this quiz